Gelincik Diz/Yalan Üç Ayaklıdır (Record no. 642410)

MARC details
000 -LEADER
sabit uzunluktaki kontrol alanı 00252nam a2200097Ia 4500
001 - KONTROL NUMARASI
kontrol alanı 642410
005 - EN SON İŞLEMİN TARİH VE ZAMANI
kontrol alanı 20250826153526.0
008 - SABİT-UZUNLUKTA VERİ ÖĞELERİ--GENEL BİLGİ
sabit uzunluktaki kontrol alanı 250824s9999 xx 000 0 und d
245 #0 - ESER / YAZAR
ESER ADI Gelincik Diz/Yalan Üç Ayaklıdır
Yazar Adı Gülten Dayıoğlu
260 ## - YAYIN, DAĞITIM, VB.
YAYIN EVİ ALTIN
Holdings
Düşüm durumu Kayıp durumu Hasar Durumu Ödünç verilmez Ana kütüphane Geçerli Kütüphane Edinilen tarih Toplam ödünç verme sayısı Barkod Son görüntüleme tarihi Son ödünç verme tarihi Fiyatın geçerli olmaya başladığı tarih Koha materyal türü
        AKINCILAR AHMET HAŞHAŞ İLKOKULU AKINCILAR AHMET HAŞHAŞ İLKOKULU 24.08.2025 1 100484 16.12.2025 02.12.2025 26.08.2025 Books